Overland to India: With 308 illustrations from photographs, watercolour sketches, and drawings by the author and 2 maps

שמור ב:
מידע ביבליוגרפי
מחבר ראשי: Hedin, Sven (Author)
פורמט: ספר
שפה:אנגלית
יצא לאור: Londres MacMillan and Co. 1910
מהדורה:1a. ed
נושאים:
תגים: הוספת תג
אין תגיות, היה/י הראשונ/ה לתייג את הרשומה!

MARC

LEADER 00000nam a2200000 a 4500
001 UCJ4363
003 CL-VaPUC
008 070124e19100000UK |||||||||||||||||eng|d
082 0 4 |a 910.4  |b HED  |2 21 
100 0 |a Hedin, Sven  |e author  |9 507138 
245 1 0 |a Overland to India: With 308 illustrations from photographs, watercolour sketches, and drawings by the author and 2 maps 
250 |a 1a. ed 
300 |a 2 v 
942 |c BK 
945 |d 20070124 00:00:00  |a rinostro 
260 |a Londres  |b MacMillan and Co.  |c 1910 
500 |a Fotografías y mapas 
650 0 |a Viajes  |9 257115 
650 0 |a Historia  |9 255047 
650 0 |a Geografía  |9 259346 
650 0 |a Cultura  |9 269059 
650 7 |a TRADICIONES  |2 CL-VaPUC  |9 367367 
650 0 |a Ilustraciones  |9 369481 
651 0 |a India  |9 267804 
651 7 |a AFGANISTAN  |2 CL-VaPUC  |9 316582 
583 |a last modification  |c 20070124 00:00:00  |k Rodrigo Vera 
999 |c 320479  |d 320477 
952 |0 0  |1 0  |4 0  |6 910_400000000000000_HED_1910  |7 0  |8 X  |9 399005  |a FDOBUD  |b FDOBUD  |d 2019-11-22  |h v.1  |i 1017233  |o 910.4 HED 1910  |p 1017233  |r 2019-11-22  |w 2019-11-22  |y BK_X  |k BUD 
952 |0 0  |1 0  |4 0  |6 910_400000000000000_HED_1910  |7 0  |8 X  |9 399006  |a FDOBUD  |b FDOBUD  |d 2019-11-22  |h v.2  |i 1017241  |o 910.4 HED 1910  |p 1017241  |r 2019-11-22  |w 2019-11-22  |y BK_X  |k BUD